Statistics for Asia Flag Quiz

Click here to take the quiz!

General Stats

  • This quiz has been taken 10 times
    (8 since last reset)
  • The average score is 16 of 23

Answer Stats

Answer% Correct
Hong Kong
86%
Bhutan
71%
Cambodia
71%
Egypt
71%
Indonesia
71%
Iraq
71%
Kuwait
71%
Laos
71%
Lebanon
71%
Mongolia
71%
Myanmar
71%
Philippines
71%
Sri Lanka
71%
Syria
71%
Taiwan
71%
Timor Leste
71%
Yemen
71%
Brunei
57%
Cocos
57%
Kyrgyzstan
57%
Maldives
57%
Turkmenistan
57%
Uzbekistan
57%

Score Distribution

Percentile by Number Answered

Percent of People with Each Score

Your Score History

You have not taken this quiz since the last reset